Small-scale fisheries in Asia : (Record no. 12885)

000 -LEADER
fixed length control field 00611cam a2200205 a 4500
020 ## - INTERNATIONAL STANDARD BOOK NUMBER
ISBN 0889364249 (pbk.)
040 ## - CATALOGING SOURCE
Transcribing agency DLC
082 00 - DEWEY DECIMAL CLASSIFICATION NUMBER
Classification number 338 INT 1985 A013 Or.
245 00 - TITLE STATEMENT
Title Small-scale fisheries in Asia :
Remainder of title socioeconomic analysis and policy /
260 ## - PUBLICATION, DISTRIBUTION, ETC. (IMPRINT)
Place of publication Ottawa, Canada :
Name of publisher International Development Research Centre,
Year of publication c1985.
300 ## - PHYSICAL DESCRIPTION
Number of Pages 283 p. :
Other physical details ill. ;
Dimensions 25 cm.
490 1# - SERIES STATEMENT
Series statement IDRC ;
650 #0 - SUBJECT ADDED ENTRY--TOPICAL TERM
Topical Term Fishery policy
650 #0 - SUBJECT ADDED ENTRY--TOPICAL TERM
Topical Term Fishery management
650 #0 - SUBJECT ADDED ENTRY--TOPICAL TERM
Topical Term Small-scale fisheries
650 #0 - SUBJECT ADDED ENTRY--TOPICAL TERM
Topical Term Small-scale fisheries
650 #0 - SUBJECT ADDED ENTRY--TOPICAL TERM
Topical Term Fishery resources
700 1# - ADDED ENTRY--PERSONAL NAME
Personal name Panaĭotov, Todor.
942 ## - ADDED ENTRY ELEMENTS (KOHA)
Koha item type សៀវភៅភាសាអង់គ្លេស
952 ## - LOCATION AND ITEM INFORMATION (KOHA)
Withdrawn status [LOCAL, KOHA] 0
Holdings
Permanent Location Date acquired Koha item type Lost status Shelving location Barcode Current Location Full call number
Library Block A2017-08-18សៀវភៅភាសាអង់គ្លេស A013A18389Library Block A338 INT 1985 A013 Or.
មជ្ឈមណ្ឌលឯការនៃសាកលវិទ្យាល័យភូមិន្ទកសិកម្មចំការដូង

Powered by Koha